[Event "It (open)"]
[Site "masterchessopen.com Vantaa (Finland)"]
[Round "2"]
[White "Aaltio Erkki (FIN)"]
[Black "Veingold Aleksandr (EST)"]
[Result "0-1"]
[WhiteElo "2133"]
[BlackElo "2457"]

1.d4 Nf6 2.c4 e6 3.Nc3 Bb4 4.f3 d5 5.a3 Bxc3+ 6.bxc3 c5 7.cxd5 Nxd5 8.c4 Nc3
9.Qc2 cxd4 10.Bd2 Nc6 11.Bxc3 dxc3 12.Qxc3 Qa5 13.Rc1 Ke7 14.Nh3 Bd7 15.Nf4
Rhc8 16.Nd3 Qxc3+ 17.Rxc3 Na5 18.Nb2 Rc6 19.e4 Rac8 20.Kd2 b5 21.Be2 bxc4
22.Ke3 e5 23.g3 Rb6 24.Nd1 f6 25.f4 Rb3 26.fxe5 fxe5 27.Kd2 Bc6 28.Bxc4 Rxc3
29.Nxc3 Nxc4+ {#R} 0-1

[Event "It (open) (a)"]
[Site "masterchessopen.com Voronezh (Russia)"]
[Round "2"]
[White "Bairachny Ruslan (UKR)"]
[Black "Shkliar Alexander (RUS)"]
[Result "1-0"]
[WhiteElo "2442"]
[BlackElo "2246"]

1.d4 Nf6 2.c4 e6 3.Nc3 Bb4 4.f3 d5 5.a3 Bxc3+ 6.bxc3 c5 7.cxd5 Nxd5 8.dxc5 Qa5
9.e4 Nf6 10.Be3 O-O 11.Qb3 Nfd7 12.Bb5 Qc7 13.Qb4 a5 14.Qd4 a4 15.Ne2 Nc6
16.Qd6 Qa5 17.Rb1 Rd8 18.Qg3 Nde5 19.O-O Na7 20.Bg5 Nxb5 21.Bxd8 Qxd8 22.Rfd1
Qe7 23.Rxb5 Bd7 24.c6 Nxc6 25.Qc7 Rd8 26.Rxb7 Qc5+ 27.Kf1 {#r} 1-0

[Event "Cup Zemplen"]
[Site "masterchessopen.com Sarospatak (Hungary)"]
[Date "2000.07.02"]
[Round "7"]
[White "Kovacs Tamas (HUN)"]
[Black "Laihonen Petteri (FIN)"]
[Result "0-1"]
[WhiteElo "2210"]
[BlackElo "2287"]

1.d4 Nf6 2.c4 e6 3.Nc3 Bb4 4.f3 d5 5.a3 Bxc3+ 6.bxc3 c5 7.cxd5 Nxd5 8.dxc5 Qa5
9.e4 Ne7 10.Be3 O-O 11.Qb3 Qc7 12.Bb5 a6 13.Ba4 Bd7 14.Rd1 Rc8 15.Ne2 Bxa4
16.Qxa4 Nec6 17.O-O Ne5 18.Kh1 Nbd7 19.f4 Nc6 20.e5 Rd8 21.Rd6 Ne7 22.c6 Nxc6
23.Rfd1 Nf8 24.Ng3 Ng6 25.Ne4 Nge7 26.Qb3 b5 27.c4 Na5 28.Qb4 Nxc4 29.Rc1 Nd5
30.Qb3 Ndxe3 31.Qxe3 Nxe3 32.Rxc7 Nd5 33.Ra7 Nxf4 34.g3 Ng6 {#R} 0-1

[Event "It (open)"]
[Site "masterchessopen.com Alicante (Spain)"]
[Round "2"]
[White "Suba Mihai (ROM)"]
[Black "Rodriguez Soler Rafael (ESP)"]
[Result "1-0"]
[WhiteElo "2535"]
[BlackElo "1994"]

1.d4 Nf6 2.c4 e6 3.Nc3 Bb4 4.f3 d5 5.a3 Bxc3+ 6.bxc3 c5 7.cxd5 exd5 8.Qc2 Nc6
9.e3 O-O 10.Ne2 Re8 11.Qd3 Qa5 12.Kf2 Bd7 13.Ng3 Rac8 14.Bd2 Qa4 15.Be2 Na5
16.Rhe1 Nc4 17.Bd1 Nb2 18.Qb1 Nxd1+ 19.Qxd1 Qa6 20.e4 dxe4 21.fxe4 cxd4
22.cxd4 Ba4 23.Qe2 Qb6 24.Kg1 Qxd4+ 25.Be3 Qe5 26.Bxa7 Rc2 27.Qd3 Qb2 28.Qf1
Bc6 29.Rad1 Qxa3 30.Bf2 h6 31.Nf5 Ng4 32.Bd4 Rxe4 33.Bxg7 Rxg2+ 34.Qxg2 Rxe1+
35.Rxe1 Bxg2 36.Kxg2 Qa2+ 37.Kh3 h5 38.Re8+ Kh7 39.Kh4 Kg6 40.h3 Qf2+ 41.Ng3
Ne3 {#r} 1-0

[Event "It (open)"]
[Site "masterchessopen.com Basel (Switzerland)"]
[Round "6"]
[White "Partos Charles (SUI)"]
[Black "Cote F"]
[Result "1-0"]
[WhiteElo "2386"]
[BlackElo "2200"]

1.d4 Nf6 2.c4 e6 3.Nc3 Bb4 4.f3 d5 5.a3 Bxc3+ 6.bxc3 c5 7.cxd5 exd5 8.e3 O-O
9.Bd3 Re8 10.Ne2 b6 11.O-O Bb7 12.g4 Nfd7 13.Ng3 Nf8 14.Ra2 Nc6 15.f4 Rc8
16.g5 cxd4 17.cxd4 Na5 18.h4 Nc4 19.Re2 Rc7 20.Rfe1 Bc8 21.Rh2 Qd6 22.a4 Rce7
23.e4 Qb4 24.e5 Nd6 25.Bc2 Ne4 26.Nxe4 dxe4 27.d5 Bg4 28.Qd2 Qc5+ 29.Re3 Rd7
30.Bxe4 Ne6 31.Ba3 Qc4 32.Rg2 Bh5 33.Rf2 Qxa4 34.Bb2 Nc5 35.Bg2 Ne6 36.Ra3 Qc4
37.d6 Rc8 38.Bd5 Qb5 39.f5 Nc5 40.Qd4 {#r} 1-0

[Event "Tournament"]
[Site "masterchessopen.com Internet"]
[Round "0"]
[White "Tyomkin Dimitri (CAN)"]
[Black "Christiansen Larry M (USA)"]
[Result "1-0"]
[WhiteElo "2497"]
[BlackElo "2570"]

1.d4 e6 2.c4 Nf6 3.Nc3 Bb4 4.f3 d5 5.a3 Bxc3+ 6.bxc3 c5 7.cxd5 Nxd5 8.dxc5 Qa5
9.e4 Ne7 10.Be3 Nd7 11.Qb3 O-O 12.Bb5 Qc7 13.Bxd7 Bxd7 14.Ne2 Nc6 15.O-O Na5
16.Qb4 Nc6 17.Qc4 Na5 18.Qb4 e5 19.Rab1 Be6 20.Ng3 Rfd8 21.Rfe1 Rd3 22.Nf5
Bxf5 23.exf5 f6 24.f4 Re8 25.fxe5 Rxe5 26.Bd4 Rxf5 27.Qb5 {#r} 1-0

[Event "Ch Turkey"]
[Site "masterchessopen.com Ankara (Turkey)"]
[Round "8"]
[White "Erdogan Hakan (TUR)"]
[Black "Selbes Tarik (TUR)"]
[Result "1-0"]
[WhiteElo "2212"]
[BlackElo "2145"]

1.d4 Nf6 2.c4 e6 3.Nc3 Bb4 4.f3 d5 5.a3 Bxc3+ 6.bxc3 c5 7.cxd5 exd5 8.e3 Qc7
9.Ra2 cxd4 10.cxd4 Bf5 11.g4 Bg6 12.h4 Nbd7 13.h5 Rc8 14.hxg6 Qxc1 15.g5 Ne4
16.gxf7+ Kxf7 17.fxe4 Qxe3+ 18.Re2 Qxg5 19.Nf3 Qg3+ 20.Rf2 Rhf8 21.Bh3 Ke7
22.Bf5 dxe4 23.Rg1 Qf4 24.Rxg7+ Kf6 25.Nd2 Qxf2+ 26.Kxf2 Kxg7 27.Qg4+ Kh8
28.Ke2 Nf6 29.Qh3 Rc2 30.Qh6 Rf7 31.Be6 Ng8 32.Qg5 Rg7 33.Qe5 h6 34.Bxg8 Kxg8
35.Qe8+ {#r} 1-0

[Event "Ch Catalunia (team)"]
[Site "masterchessopen.com Barcelona (Spain)"]
[Round "2"]
[White "Moskalenko Viktor (UKR)"]
[Black "Dominguez Rueda Juan (ESP)"]
[Result "1-0"]
[WhiteElo "2510"]
[BlackElo "2148"]

1.d4 Nf6 2.c4 e6 3.Nc3 Bb4 4.f3 d5 5.a3 Bxc3+ 6.bxc3 c5 7.cxd5 exd5 8.e3 O-O
9.Bd3 Nc6 10.Ne2 cxd4 11.cxd4 b5 12.O-O Qb6 13.Rb1 a6 14.Kh1 Re8 15.Bd2 Bd7
16.Qe1 Qd8 17.Qf2 Qe7 18.Ra1 b4 19.e4 Reb8 20.Qh4 Kf8 21.e5 Ng8 22.Qxh7 bxa3
23.Qh8 Qd8 24.Bh7 Ne7 25.Nf4 Bf5 26.Bxg8 Nxg8 27.Nh5 {#r} 1-0

[Event "It (open)"]
[Site "masterchessopen.com Biel (Switzerland)"]
[Round "8"]
[White "Ulibin Mikhail (RUS)"]
[Black "Pikula Dejan (SRB)"]
[Result "1-0"]
[WhiteElo "2581"]
[BlackElo "2484"]

1.d4 Nf6 2.c4 e6 3.Nc3 Bb4 4.f3 d5 5.a3 Bxc3+ 6.bxc3 c5 7.cxd5 Nxd5 8.dxc5 Qa5
9.e4 Nf6 10.Be3 O-O 11.Kf2 Rd8 12.Qb3 Nfd7 13.Rd1 Nc6 14.Nh3 Re8 15.Bb5 a6
16.Bxc6 bxc6 17.Qb4 Qc7 18.c4 a5 19.Qc3 a4 20.Nf4 Rb8 21.Rb1 Ba6 22.Nh5 f6
23.Rb4 Rxb4 24.axb4 Ne5 25.Bf4 Qf7 26.Bxe5 Qxh5 27.Bd6 e5 28.b5 cxb5 29.Qa5
Bb7 30.cxb5 f5 31.c6 Bc8 32.b6 fxe4 33.Qd5+ Kh8 34.Qxe4 Qh6 35.Rf1 Be6 36.b7
Bb3 37.c7 {#r} 1-0

[Event "Ch Hessen"]
[Site "masterchessopen.com Bruchkoebel (Germany)"]
[Round "3"]
[White "Roeschlau Bernd (GER)"]
[Black "Kersten Uwe (GER)"]
[Result "1-0"]
[WhiteElo "2314"]
[BlackElo "2357"]

1.d4 Nf6 2.c4 e6 3.Nc3 Bb4 4.f3 d5 5.a3 Bxc3+ 6.bxc3 c5 7.cxd5 Nxd5 8.dxc5 Qa5
9.e4 Ne7 10.Be3 O-O 11.Qb3 Qc7 12.a4 Nd7 13.Qa3 f5 14.Nh3 fxe4 15.fxe4 Ng6
16.Bb5 Nde5 17.Bf2 Ng4 18.Bg3 e5 19.O-O-O Ne3 20.Rd6 a6 21.Bd3 Kh8 22.c6 Nxg2
23.Ng5 Qe7 24.h4 Bg4 25.cxb7 Rad8 26.Qb4 Rb8 27.Bxa6 N6f4 28.Nxh7 Rxb7 29.Bxb7
Rb8 30.Ng5 Rxb7 31.Rd8+ Qxd8 32.Qxb7 Ne2+ 33.Kc2 Ne3+ 34.Kb3 Qg8+ 35.Nf7+ Kh7
36.Kb4 Kg6 37.Nxe5+ Kh7 38.Nf7 Bh5 39.Ng5+ Kh8 40.Qc6 Qf8+ 41.Bd6 Qg8 42.Be5
Ng4 43.Bd4 {#r} 1-0

[Event "Ch France (team) (juniors) 2001/02"]
[Site "masterchessopen.com France"]
[Round "6"]
[White "Blanchard Jody (FRA)"]
[Black "Barre Yann (FRA)"]
[Result "1-0"]
[WhiteElo "1440"]
[BlackElo "1969"]

1.d4 e6 2.c4 Nf6 3.Nc3 Bb4 4.f3 d5 5.a3 Bxc3+ 6.bxc3 c5 7.cxd5 cxd4 8.dxe6
Bxe6 9.cxd4 Nc6 10.e3 O-O 11.Bd3 Na5 12.Rb1 b6 13.Ne2 Bc4 14.Bc2 Bxe2 15.Qxe2
Re8 16.Qd3 a6 17.O-O Nc6 18.Rd1 Ne7 19.e4 Qc7 20.e5 Ned5 21.exf6 Nxf6 22.Bg5
Qd6 23.Bxf6 Qxf6 24.Qxh7+ Kf8 25.Qh8+ Ke7 26.Re1+ Kd7 27.Rxe8 Rxe8 28.Qh3+ Kd8
29.Rd1 Qd6 30.Qh4+ f6 31.Bg6 Rf8 32.Qe4 Kc7 33.Rc1+ Kb8 34.Rc6 {#r} 1-0

[Event "Ch Italy"]
[Site "masterchessopen.com Montecatini Terme (Italy)"]
[Round "6"]
[White "De Santis Alessio (ITA)"]
[Black "Mantovani Renzo (ITA)"]
[Result "1-0"]
[WhiteElo "2267"]
[BlackElo "2349"]

{ } 1.d4 Nf6 2.c4 e6 3.Nc3 Bb4 4.f3 d5 5.a3 Bxc3+ 6.bxc3 c5 7.cxd5 exd5 8.e3 {
?/= } 8...Nh5 ( 8...c4 9.Ne2 O-O 10.Ng3 { -0,39 CAP } ) 9.Ne2 ( 9.Qc2 f5
10.Bb5+ Nc6 11.Nh3 O-O 12.O-O c4 13.Bxc6 bxc6 14.Bd2 { 1/2-1/2, Dely
Peter(2480) - Forintos Gyozo V(2485), Hungary 1965 Ch Hungary } ) 9...O-O {
+0,18 CAP N } ( 9...f5 10.g3 Nf6 11.Bg2 O-O 12.O-O Nc6 13.h3 cxd4 14.exd4 Re8
15.Nf4 Na5 16.Re1 Bd7 17.Bd2 Rc8 18.Nd3 Nc4 19.Ne5 { ...1-0, Damjanovic
Mato(2490) - Vukovic Milosav(2290), Ljubljana 1960 Ch Yugoslavia } ) 10.g3 Be6
11.Bg2 Re8 12.O-O Qd7 13.g4 Nf6 14.Nf4 h6 15.h3 { } ( 15.h4 { !? } 15...cxd4
16.cxd4 Nh7 17.Nxe6 { } ) 15...Nc6 16.Ra2 Rac8 17.Raf2 Na5 18.Nxe6 Rxe6 19.e4
cxd4 20.cxd4 Rec6 21.Bd2 Nc4 22.e5 Nh7 23.f4 Nxd2 24.Qxd2 Rc3 25.Rf3 Rc2
26.Qe3 Qa4 27.Kh1 Qc4 28.h4 Re2 { } ( 28...Nf8 { !? } 29.f5 Re2 30.Qg1 Qa2 { }
) 29.Qb3 Qxd4 30.Rd3 Qc5 31.Qxd5 { } ( 31.g5 { !? } 31...hxg5 32.hxg5 Nf8
33.Bxd5 { } ) 31...Qe7 32.g5 Nf8 { } ( 32...Rcc2 { !? } 33.Rg3 Nf8 34.Qxb7
Qxb7 { } ) 33.Qxb7 Rc7 { } ( 33...Qxb7 { !? } 34.Bxb7 Rcc2 35.Kg1 Rh2 { } )
34.Qb4 Qe8 { ? } ( 34...Qxb4 { ! } 35.axb4 Rcc2 36.Bh3 hxg5 { } ) 35.gxh6 gxh6
36.Rg3+ Kh8 37.f5 Rxe5 38.Qd6 f6 39.Qxc7 Re7 40.Qf4 Qh5 { } {#r} 1-0

[Event "It (open)"]
[Site "masterchessopen.com Ortigueira (Spain)"]
[Round "6"]
[White "Pomes Marcet Juan (ESP)"]
[Black "Tome Vazquez Oscar (ESP)"]
[Result "1-0"]
[WhiteElo "2380"]
[BlackElo "2001"]

1.d4 Nf6 2.c4 e6 3.Nc3 Bb4 4.f3 d5 5.a3 Bxc3+ 6.bxc3 c5 7.cxd5 Nxd5 8.dxc5 Qa5
9.e4 Ne7 10.Be3 O-O 11.Qb3 Qc7 12.a4 Nec6 13.f4 e5 14.f5 Na5 15.Qa3 Na6 16.Nh3
Bd7 17.Nf2 Rac8 18.Bxa6 bxa6 19.Qa2 Bc6 20.O-O Ba8 21.f6 g6 22.Qe2 h5 23.Bh6
Kh7 24.Bxf8 Rxf8 25.Qxa6 Qxc5 26.Qb5 Qc7 27.Rfd1 Bc6 28.Qc5 Re8 29.Qd6 Qb7
30.Rab1 Qa8 31.Qc7 {#r} 1-0

[Event "Ch Russia (w) (1 liga)"]
[Site "masterchessopen.com Serpukhov (Russia)"]
[Round "3"]
[White "Strutinskaya Galina N (RUS)"]
[Black "Kabanova Irina (RUS)"]
[Result "1-0"]
[WhiteElo "2306"]
[BlackElo "2052"]

1.d4 Nf6 2.c4 e6 3.Nc3 Bb4 4.f3 d5 5.a3 Bxc3+ 6.bxc3 c5 7.cxd5 exd5 8.e3 O-O
9.Bd3 cxd4 10.cxd4 Nc6 11.Ne2 Re8 12.O-O a6 13.g4 Bxg4 14.fxg4 Nxg4 15.Rf3 Qd6
16.Ng3 Qh6 17.Ra2 Re6 18.Bf5 {#r} 1-0

[Event "Ch Sweden (juniors)"]
[Site "masterchessopen.com Skara (Sweden)"]
[Round "4"]
[White "Kaivanipour Kivan (SWE)"]
[Black "Namini Armin (SWE)"]
[Result "0-1"]
[WhiteElo "1927"]
[BlackElo "2114"]

1.d4 Nf6 2.c4 e6 3.Nc3 Bb4 4.f3 d5 5.a3 Bxc3+ 6.bxc3 c5 7.cxd5 Nxd5 8.dxc5 Qa5
9.e4 Ne7 10.Be3 O-O 11.Qb3 Qc7 12.a4 Nec6 13.Qa3 Na5 14.Rb1 e5 15.Be2 Be6
16.h4 Rc8 17.Nh3 Bc4 18.Qb4 Na6 19.Qb2 Nxc5 20.Bxc5 Qxc5 21.Nf2 Bxe2 22.Qxe2
Qxc3+ 23.Qd2 b6 24.Qxc3 Rxc3 25.O-O Rc4 26.Ng4 f6 27.h5 Rac8 28.h6 Nc6 29.a5
Nxa5 30.hxg7 Kxg7 31.Ne3 R4c7 32.Nf5+ Kf8 33.Rfd1 Nc4 34.Rd3 a5 35.Rbd1 a4
36.Rd8+ Kf7 37.R1d7+ Rxd7 38.Rxd7+ Ke8 39.Rxh7 a3 40.Ra7 Rc6 41.Ne7 Rc5 42.Nd5
Rxd5 43.exd5 Na5 {#R} 0-1

[Event "Ch Sweden (team) 2001/02"]
[Site "masterchessopen.com Sweden"]
[Round "11"]
[White "Haggstrom Olle (SWE)"]
[Black "Backelin Rikard (SWE)"]
[Result "0-1"]
[WhiteElo "2215"]
[BlackElo "2292"]

1.d4 e6 2.c4 Nf6 3.Nc3 Bb4 4.f3 d5 5.a3 Bxc3+ 6.bxc3 c5 7.cxd5 exd5 8.e3 Qa5
9.Bd2 c4 10.g4 Nc6 11.Ne2 h5 12.g5 Ng8 13.h4 Nge7 14.e4 dxe4 15.fxe4 Bg4
16.Qc2 Ng6 17.Kf2 O-O 18.Ng3 f5 19.e5 Ngxe5 20.dxe5 Nxe5 21.Bg2 Nd3+ 22.Kf1
Qe5 23.Rg1 Rae8 24.Bxb7 Bh3+ 25.Bg2 Qxg3 {#R} 0-1

[Event "Ch Sweden (team) 2001/02"]
[Site "masterchessopen.com Sweden"]
[Round "11"]
[White "Hellborg Teodor (SWE)"]
[Black "Schneider Lars-Ake (SWE)"]
[Result "0-1"]
[WhiteElo "2240"]
[BlackElo "2385"]

1.d4 Nf6 2.c4 e6 3.Nc3 Bb4 4.f3 d5 5.a3 Bxc3+ 6.bxc3 c5 7.cxd5 Nxd5 8.dxc5 f5
9.e4 fxe4 10.Qc2 e3 11.Bd3 Nd7 12.Ne2 Nxc5 13.O-O Nxd3 14.Qxd3 O-O 15.Bxe3 Bd7
16.Bd4 Bc6 17.Rfe1 Qg5 18.Ng3 Nf4 19.Qc2 Bd5 20.Rab1 b6 21.Rb5 Rac8 22.a4 Qh4
23.a5 Nh3+ 24.gxh3 Qxd4+ 25.cxd4 Rxc2 26.Ne4 Rxf3 27.axb6 axb6 28.Rxb6 Rf4
29.Rb8+ Kf7 30.Ng5+ Ke7 {#R} 0-1

[Event "Ch Hungary (team) 2002/03"]
[Site "masterchessopen.com Hungary"]
[Date "2002.12.08"]
[Round "4"]
[White "Jakab Attila (HUN)"]
[Black "Ruck Robert (HUN)"]
[Result "0-1"]
[WhiteElo "2358"]
[BlackElo "2583"]

1.d4 Nf6 2.c4 e6 3.Nc3 Bb4 4.f3 d5 5.a3 Bxc3+ 6.bxc3 c5 7.cxd5 Nxd5 8.Qd2 Nc6
9.e4 Nb6 10.Bb5 Bd7 11.dxc5 Ne5 12.Be2 Na4 13.Qd6 f6 14.Bd2 Rc8 15.Rb1 Nxc5
16.Nh3 Qe7 17.Qxe7+ Kxe7 18.Nf2 b6 19.O-O Na4 20.Rfc1 Nc4 21.Bxc4 Rxc4 22.Nd1
Rc7 23.Nb2 Nc5 24.Be1 Rhc8 25.e5 Be8 {#R} 0-1

[Event "Regionalliga Northeast 2002/03"]
[Site "masterchessopen.com Germany"]
[Date "2002.12.15"]
[Round "3"]
[White "Stephan Eberhard (GER)"]
[Black "Gerl Hans Dr (GER)"]
[Result "1-0"]
[WhiteElo "2137"]
[BlackElo "2086"]

1.d4 Nf6 2.c4 e6 3.Nc3 Bb4 4.f3 d5 5.a3 Bxc3+ 6.bxc3 c5 7.cxd5 Nxd5 8.Qd2 O-O
9.e4 Ne7 10.Bb2 b6 11.Bd3 Ba6 12.Ne2 Bxd3 13.Qxd3 Nbc6 14.Rd1 Na5 15.O-O Rc8
16.Ng3 cxd4 17.cxd4 Nc4 18.Bc1 b5 19.f4 f5 20.Rfe1 g6 21.Nf1 Rf7 22.Nd2 Qb6
23.Nb3 Nc6 24.Kh1 Rd8 25.exf5 exf5 26.Re6 Re7 27.Qe2 Rde8 28.d5 Rxe6 29.dxe6
a5 30.g4 fxg4 31.Qxg4 a4 32.Rd7 axb3 33.Qh4 h5 34.Qf6 Ne7 35.Qf7+ Kh8 36.Qxe8+
Ng8 37.Qxg6 Qc6+ 38.Kg1 Qc5+ 39.Kg2 Ne7 40.Qe8+ Ng8 41.Qg6 Ne7 42.Rd8+ {#r}
1-0

[Event "Ch Germany (seniors) (open)"]
[Site "masterchessopen.com Bad Wiessee (Germany)"]
[Round "1"]
[White "Herzel Alois Dr (GER)"]
[Black "Dahlhaus Friedhelm (GER)"]
[Result "0-1"]
[WhiteElo "1985"]
[BlackElo "2151"]

1.d4 Nf6 2.c4 e6 3.Nc3 Bb4 4.a3 Bxc3+ 5.bxc3 c5 6.f3 d5 7.cxd5 Nxd5 8.Qd2 O-O
9.e4 Nf6 10.Bb2 Qa5 11.Ne2 Nc6 12.Rd1 Rd8 13.Nc1 b6 14.Be2 Ba6 15.O-O Rd7
16.Qe3 Rad8 17.Bxa6 Qxa6 18.Qe2 Qxe2 19.Nxe2 Na5 20.Rf2 Nc4 21.Bc1 Ne8 22.e5
Nxe5 23.a4 Nc4 24.Rff1 e5 25.Rfe1 Nc7 26.Rd3 Ne6 27.f4 e4 28.Rg3 f5 29.Be3
Nxe3 30.Rxe3 cxd4 31.cxd4 Nxd4 32.Rc3 Ne6 33.Rc4 Rd2 34.g3 Ra2 35.Kf1 Rdd2
36.Rc6 Kf7 37.Rc4 Nc5 38.g4 Nd3 39.Rc7+ Ke8 40.Rb1 Rxe2 {#R} 0-1

[Event "It (active)"]
[Site "masterchessopen.com Benidorm (Spain)"]
[Round "4"]
[White "Hillarp Persson Tiger (SWE)"]
[Black "Topalov Veselin (BUL)"]
[Result "0-1"]
[WhiteElo "2523"]
[BlackElo "2757"]

{ Hillarp Persson Tiger (SWE) +1 =4 -1 } 1.d4 { 1 } 1...Nf6 2.c4 e6 3.Nc3 Bb4
4.f3 d5 5.a3 Bxc3+ 6.bxc3 c5 7.cxd5 Nxd5 8.dxc5 ( 8.Qd3 O-O 9.e4 Ne7 10.f4 b6
11.Qe3 Qc7 12.Nf3 Bb7 13.Rb1 Rc8 14.Bd3 Ba6 15.Bxa6 Nxa6 16.O-O cxd4 17.cxd4
Qc3 18.Qe2 Qc4 19.Qe3 Qc3 20.Qe2 Qc4 21.Qe3 { 1/2-1/2, Hillarp Persson Tiger
2482 - Timman Jan H 2594 , Malme 2003 It (cat.13) } ) 8...Qa5 9.e4 Nc7 { ? } (
9...Ne7 10.Be3 O-O 11.Qb3 Qc7 12.Rb1 Nd7 13.Qc4 Nc6 14.Nh3 b5 15.Qa2 a6 16.c4
e5 17.cxb5 axb5 18.Bxb5 Nd4 19.Bxd4 exd4 20.c6 Ne5 21.O-O Bxh3 22.gxh3 d3
23.Kh1 Rfd8 24.a4 Nxc6 25.Rbc1 Qb6 26.Rxc6 Qxb5 27.Qxf7+ Kxf7 28.axb5 Ra2
29.b6 { ...1/2-1/2, Volkov Sergey 2624 - Polgar Judit 2700 , Halkidiki 2002
Cup European Club (final) } ) 10.Qd4 f6 { ? } 11.Qb4 ( 11.Be3 Nc6 12.Qc4 e5
13.Qb3 Be6 14.Qxb7 O-O 15.Qxc6 Rfd8 16.Kf2 Bd7 17.Qb7 Rab8 18.Bc4+ Kh8 19.Qb4
Rxb4 20.cxb4 Qa4 21.Ne2 Bb5 22.Bxb5 Nxb5 23.Rhc1 a5 24.c6 Rc8 25.bxa5 Nd4
26.Nxd4 exd4 27.Bd2 h5 28.Rab1 Qxa3 29.c7 Qd6 30.Rb6 Qxh2 { ...1-0, Moskalenko
Viktor 2435 - Yakovich Yuri 2450 , URS 1987 Ch URS } ) ( 11.f4 O-O 12.Nf3 Nc6
13.Qc4 b6 14.cxb6 Qxb6 15.Nd4 Nxd4 16.Qxd4 Qc6 17.Qc4 Bb7 18.Qxc6 Bxc6 19.Bd3
Rad8 20.Bc2 Nb5 21.O-O Nxc3 22.Re1 Ba4 23.Bxa4 Nxa4 24.Be3 Rd7 25.Rec1 Rb8
26.Rc4 Rb3 27.Bf2 Nc3 28.g3 Kf7 29.Rb4 Rxb4 30.axb4 Kg6 { ...1/2-1/2, Volkov
Sergey 2636 - Tunik Gennady 2505 , Krasnodar 2002 Ch Russia } ) 11...Nc6
12.Qxa5 Nxa5 13.Rb1 ( 13.Be3 Bd7 14.Rb1 O-O-O 15.Nh3 e5 16.Nf2 Be6 17.Be2 Bb3
18.Nd1 Ne6 19.Nb2 Rd7 20.Kf2 Rhd8 21.Rhc1 Nf4 22.Bf1 Ba2 23.g3 Bxb1 24.Rxb1
Ne6 25.Nc4 Nxc4 26.Bxc4 Nc7 27.Ke2 Re7 28.a4 Na6 29.c6 Nb8 30.Bc5 Nxc6 31.Bxe7
Nxe7 32.Ke3 Rd6 { ...1/2-1/2, Damljanovic Branko 2555 - Jukic Mirko 2470 ,
Yugoslavia 1989 Ch Yugoslavia (team) } ) 13...e5 ( 13...Bd7 14.c4 O-O-O 15.Bd2
Nc6 16.Ne2 Be8 17.Be3 Rd3 18.Bc1 Bf7 19.Nf4 Rd7 20.h4 Na6 21.Be3 { 1/2-1/2,
Landa Konstantin 2649 - Farago Ivan 2483 , Diezisau 2003 It (open) } ) 14.f4
exf4 15.Bxf4 Ne6 16.Bd6 Bd7 17.Nf3 Rc8 { } 18.Nd4 { N ? } ( 18.Bb5 Nxc5 19.O-O
b6 20.Nd4 Nab7 21.Bf4 Bxb5 22.Nxb5 O-O 23.Nxa7 Ra8 24.Nb5 Nxe4 25.Rfe1 f5
26.Bc7 Rf6 27.Be5 Rc6 28.Nd4 Rc5 29.Nf3 Rc6 30.Nd4 Rc5 31.Bf4 Nxc3 32.Rxb6 Na5
33.Rd6 Nc4 34.Rd7 Rd5 35.Ree7 Rxd7 36.Rxd7 Rxa3 37.h3 Ra5 { ...1/2-1/2,
Rodriguez Orestes 2485 - Sanz J 2330 , Alicante 1978 It } ) ( 18.e5 { !? }
18...Nxc5 19.exf6 gxf6 20.Nd4 { } ) 18...Nxc5 19.Nb5 { } ( 19.e5 { !? }
19...Ne4 20.Bb4 fxe5 21.Nb5 { } ) 19...Nxe4 20.Bb4 Nc6 21.Bd3 a6 { ?! } (
21...Nxb4 { !? } 22.Bxe4 Bxb5 23.Rxb4 Bc6 { } ) 22.Bxe4 axb5 23.O-O { ?! } (
23.Bd6 { !? } 23...Ne5 24.Bxb7 Rxc3 25.O-O { } ) 23...Nxb4 24.cxb4 Bc6 25.Bf5
Rd8 26.Rbe1+ Kf8 27.Rf2 g6 28.Bb1 Rd6 29.Ba2 { } ( 29.h3 { !? } 29...Kg7
30.Re7+ Kh6 31.Be4 { } ) 29...h5 30.h4 { } ( 30.Re6 { !? } 30...Rxe6 31.Bxe6
Kg7 32.Rd2 { } ) 30...Rh7 31.Bb1 { } ( 31.Rfe2 { !? } 31...f5 32.Bb1 Rhd7
33.Kf2 { } ) 31...f5 32.Kh2 { } ( 32.Rfe2 { !? } 32...Rd4 33.g3 Rf7 34.Re6 { }
) 32...Rhd7 33.Kg3 { ?! } ( 33.Bc2 { !? } 33...Rd2 34.Ree2 Rxe2 35.Rxe2 { } )
33...Kg7 { ?! } ( 33...Rd4 { !? } 34.Kh3 Rc4 35.Rfe2 Rc3+ { } ) 34.Rfe2 { } (
34.Bc2 { !? } 34...Rd2 35.Ree2 Rxe2 36.Rxe2 { } ) 34...Rd4 35.Kh3 Rc4 36.Re3 {
} ( 36.Re7+ { !? } 36...Rxe7 37.Rxe7+ Kf6 38.Re2 { } ) 36...Rd2 37.Re7+ Kf8
38.R7e2 Rc3+ 39.Kh2 Rd4 40.g3 Rxa3 41.Rf2 Rxb4 42.Bxf5 gxf5 43.Rxf5+ Kg7 44.g4
Rb2+ 45.Kg1 Rg3+ 46.Kf1 Bg2+ { } {#R} 0-1

[Event "XVI Obert Es Vermar"]
[Site "masterchessopen.com Binissalem (Spain)"]
[Round "9"]
[White "Segura Ariza Jose Luis (ESP)"]
[Black "Munoz Agullo Jose Francisco (ESP)"]
[Result "1-0"]
[WhiteElo "2181"]
[BlackElo "2289"]

1.d4 Nf6 2.c4 e6 3.Nc3 Bb4 4.f3 d5 5.a3 Bxc3+ 6.bxc3 c5 7.cxd5 Nxd5 8.dxc5 Qa5
9.e4 Ne7 10.Be3 O-O 11.Qb3 Nec6 12.Kf2 Nd7 13.Bb5 Qc7 14.Rd1 Nce5 15.Qb4 Nc6
16.Qa4 Ncb8 17.Qd4 Qa5 18.Qb4 Qc7 19.Ne2 a6 20.Ba4 e5 21.c4 Nc6 22.Bxc6 bxc6
23.Rd6 a5 24.Qa4 Ra6 25.Rhd1 Nf6 26.Bg5 Nd7 27.Ng3 Nxc5 28.Qc2 Ne6 29.Qd2 Nd4
30.c5 Qa7 31.Qc1 Qc7 32.Bf6 Ne6 33.Nh5 Qa7 34.Bxg7 Nxc5 35.Kg3 f5 36.Qg5 f4+
37.Kh4 Nxe4 38.fxe4 Qf2+ 39.Ng3 h6 40.Bxh6+ {#r} 1-0

[Event "It (open) \"]
[Site "masterchessopen.com Copenhagen (Denmark)"]
[Round "4"]
[White "Bjornes Leif (NOR)"]
[Black "Hansen Anders (SWE)"]
[Result "0-1"]
[WhiteElo "1976"]
[BlackElo "1723"]

1.d4 Nf6 2.c4 e6 3.Nc3 Bb4 4.a3 Bxc3+ 5.bxc3 c5 6.f3 d5 7.cxd5 Nxd5 8.dxc5 Qa5
9.Qb3 O-O 10.e4 Nf6 11.Be3 Nc6 12.Bb5 Ne5 13.Bd4 Nfd7 14.f4 Nc6 15.Bxc6 bxc6
16.Qb4 Qa6 17.c4 Rb8 18.Qc3 e5 19.fxe5 Re8 20.Nf3 Nf8 21.O-O Be6 22.Nd2 Rbd8
23.Rab1 Rd7 24.Rb4 Red8 25.Nf3 Bg4 26.Rb2 Ne6 27.Bf2 Rd3 28.Qb4 Bxf3 29.gxf3
Qxa3 30.Qxa3 Rxa3 31.Kg2 Nf4+ 32.Kg3 Ng6 33.Rb7 Nxe5 34.Rc7 Nxf3 35.Be3 Ne5
36.Kf4 f6 37.Bc1 Rc3 38.Kf5 Re8 39.Bb2 Rxc4 40.Rg1 Ng6 41.Rxg6 Rxc5+ 42.e5
Rexe5+ {#R} 0-1

[Event "Ch France (team) (2) 2002/03"]
[Site "masterchessopen.com France"]
[Round "7"]
[White "Meynard Thibault (FRA)"]
[Black "Guadalpi David (FRA)"]
[Result "1-0"]
[WhiteElo "2242"]
[BlackElo "2324"]

1.d4 Nf6 2.c4 e6 3.Nc3 Bb4 4.f3 d5 5.a3 Bxc3+ 6.bxc3 c5 7.cxd5 Nxd5 8.dxc5 Qa5
9.e4 Ne7 10.Be3 O-O 11.Qb3 Nec6 12.a4 Qc7 13.Nh3 Na5 14.Qb4 Nbc6 15.Qa3 f5
16.Nf2 Bd7 17.Be2 f4 18.Bd2 Ne5 19.Qb4 Rac8 20.c4 Nec6 21.Qc3 e5 22.O-O b6
23.cxb6 axb6 24.c5 Nd4 25.Bd1 Nb7 26.cxb6 Qxb6 27.Qb4 Qa6 28.Qe7 Be6 29.Rb1
Nc5 30.a5 Rfe8 31.Qg5 Bc4 32.Rb6 Qa7 33.Re1 Nd7 34.Rb1 Rc6 35.Qh5 Rh6 {#r} 1-0

[Event "Ch Greece (team)"]
[Site "masterchessopen.com Kallithea (Greece)"]
[Round "4"]
[White "Pitselis Grigorios (GRE)"]
[Black "Papadopoulos I (GRE)"]
[Result "0-1"]
[WhiteElo "2132"]
[BlackElo "2259"]

1.d4 Nf6 2.c4 e6 3.Nc3 Bb4 4.f3 c5 5.a3 Bxc3+ 6.bxc3 d5 7.cxd5 exd5 8.e3 O-O
9.Bd3 Nc6 10.Ne2 b6 11.O-O Re8 12.Ng3 Bb7 13.Qd2 Rc8 14.Qf2 Na5 15.Bb2 cxd4
16.cxd4 Nc4 17.Bxc4 Rxc4 18.e4 dxe4 19.fxe4 Bxe4 20.Nxe4 Rxe4 21.d5 Qxd5
22.Qg3 Qc5+ 23.Kh1 Qc7 24.Qf3 Ng4 25.g3 f6 26.Rad1 Ne3 27.Bxf6 gxf6 28.Qxf6
Re8 29.Qg5+ Kh8 {#R} 0-1